000 00747nam a2200241 i 4500
001 140738
003 ES-MaACL
005 20230906200138.0
007 t|
008 070917s1978 xxk ||||1| eng d
020 _a014048.003
080 _a821.111
100 1 _aShaw, Bernard.
_9106025
245 1 0 _aPygmalion
_b: a romance in five acts /
_cBernard Shaw ; with over a hundred drawings by Feliks Topolski.
260 _aMiddlesex :
_bPenguin Books,
_c[1978]
300 _a155 p. ;
_c18 cm.
490 1 _aPenguins Plays. Drama
500 _aBiblioteca Jacinto Martínez Lacalle.
700 1 _aTopolski, Feliks.
_9110603
830 0 _aPenguins Plays. Drama
_9187182
852 _aES-MaACL
_jE-12143
_bR.140067
999 _c140738
_d140738